000 01388cam a22003134a 4500
999 _c330257
_d330257
001 13090067
003 NUST
005 20170615121747.0
008 030212s2003 caua d 000 0 eng
010 _a 2003102215
020 _a0126680000
035 _a(DLC) 2003102215
040 _aDLC
_cDLC
_dDLC
042 _apcc
050 0 0 _aQR100
_b.S74 2003
082 0 0 _a579.17 STE
_222
100 1 _aStetzenbach, Linda D.
_92714
245 1 4 _aThe dictionary of environmental microbiology /
_cLinda D. Stetzenbach, Marylynn V. Yates.
250 _a1st ed.
260 _aSan Diego, Calif. :
_bAcademic Press,
_cc2003.
300 _a178 p. :
_bill. ;
_c24 cm.
500 _aH.B
650 0 _aMicrobial ecology
_vDictionaries.
_92715
700 1 _aYates, M. V.
_q(Marylynn V.)
_92716
856 4 2 _3Publisher description
_uhttp://www.loc.gov/catdir/description/els031/2003102215.html
856 4 1 _3Table of contents
_uhttp://www.loc.gov/catdir/toc/els031/2003102215.html
856 4 2 _3Book review (E-STREAMS)
_uhttp://www.e-streams.com/es0611/es0611_2867.html
906 _a7
_bcbc
_corignew
_d2
_eepcn
_f20
_gy-gencatlg
942 _2ddc
_cBK
_kIESE